000 00379 a2200169 4500
001 50429
020 _a8528100901
040 _cAnchieta - Bela Vista
100 _aMachado, Ana Maria
240 1 0 _aSeverino faz chover
_lpor
245 1 0 _aSeverino faz chover
300 _a20
362 0 _a1994
440 1 _aSalamandra
650 4 _aLiteratura infanto-juvenil
942 _cBK
999 _c50429
_d50429